000
00199 a2200097 4500
001
4502
100
_a
Cotton,H
245
_a
Applied electricity
260
_a
_b
Cleaver-Hume
_c
090
_c
3700
_d
3700
942
_a
NUST-CAE
_c
M
_c
29935
999
_c
239575
_d
239575